000 00516nam a2200169 i 4500
001 24315
003 ES-MaACL
005 20230906153027.0
007 t|
008 021217s1946 sp ||||1| spa d
100 1 _aAnacreonte.
_921364
245 1 0 _aAnacreonte y Anacreónticas /
_cAnacreonte ; selección, introducción y comentarios por Julio Fontini.
260 _aMadrid, etc. :
_bExcelicer,
_c1946.
300 _a101 p. ;
_c22 cm.
700 1 _aFontini, Julio.
_951648
852 _aES-MaACL
_j1859-F-1
_bR.22677
999 _c24315
_d24315